[Event "Benidorm 2013 - Torneo sub2300"]
[Site "Benidorm ESP"]
[Date "2013.11.29"]
[Round "1.1"]
[White "Cardenas Serrano, Sergio"]
[Black "Rodriguez Fontecha, Marcos"]
[Result "0-1"]
[WhiteElo "2094"]
[BlackElo "2300"]
[PlyCount "72"]
[EventDate "2013.11.29"]
[EventType "swiss"]
[EventRounds "10"]
[EventCountry "ESP"]
[Source "lmi"]
[SourceDate "2013.11.29"]

1. e4 e6 2. d4 d5 3. Nd2 c5 4. exd5 Qxd5 5. Ngf3 cxd4 6. Bc4 Qd6 7. O-O Nf6 8.
Nb3 Nc6 9. Nbxd4 Nxd4 10. Qxd4 a6 11. Bf4 Qxd4 12. Nxd4 Bc5 13. Nb3 Bb6 14. Be2
Bd7 15. Bf3 O-O-O 16. c4 Rhe8 17. Rfe1 Bc6 18. Bxc6 bxc6 19. c5 Bc7 20. Bxc7
Kxc7 21. Rad1 Rd5 22. Rxd5 cxd5 23. Nd4 Rb8 24. Rb1 Ne4 25. Nb3 Rb5 26. Rc1 e5
27. f3 Nf6 28. Rc2 d4 29. Kf1 Nd5 30. Re2 f6 31. g3 a5 32. f4 Ne3+ 33. Ke1 a4
34. Nc1 e4 35. Rd2 Rxc5 36. Rxd4 Nc2+ 0-1

[Event "Benidorm 2013 - Torneo sub2300"]
[Site "Benidorm ESP"]
[Date "2013.11.29"]
[Round "1.3"]
[White "Spitzer Isbert, Ramon"]
[Black "Valmana Canto, Jaime"]
[Result "0-1"]
[WhiteElo "2091"]
[BlackElo "2298"]
[PlyCount "36"]
[EventDate "2013.11.29"]
[EventType "swiss"]
[EventRounds "10"]
[EventCountry "ESP"]
[Source "lmi"]
[SourceDate "2013.11.29"]

1. Nf3 g6 2. c4 Bg7 3. d4 d6 4. Nc3 c5 5. dxc5 dxc5 6. Qxd8+ Kxd8 7. Bd2 Nc6 8.
O-O-O Bd7 9. g3 Nh6 10. Bh3 Nf5 11. Ne4 b6 12. Bc3 Ncd4 13. Ng1 Bc6 14. Bg2 Kc7
15. e3 Bh6 16. Kb1 Bxe3 17. fxe3 Nxe3 18. Bxd4 cxd4 0-1

[Event "Benidorm 2013 - Torneo sub2300"]
[Site "Benidorm ESP"]
[Date "2013.11.29"]
[Round "1.6"]
[White "Lopez Del Alamo, Antonio"]
[Black "Nieves Cabanes, Javier"]
[Result "1-0"]
[WhiteElo "2281"]
[BlackElo "2087"]
[PlyCount "73"]
[EventDate "2013.11.29"]
[EventType "swiss"]
[EventRounds "10"]
[EventCountry "ESP"]
[Source "lmi"]
[SourceDate "2013.11.29"]

1. e4 c5 2. Nf3 e6 3. d3 Nc6 4. g3 d5 5. Nbd2 Nf6 6. Bg2 Be7 7. O-O O-O 8. e5
Ng4 9. Re1 Qc7 10. Qe2 f6 11. exf6 Bxf6 12. Nb3 a5 13. a4 Bd7 14. c3 Qb6 15.
Nbd2 Rae8 16. h3 Nh6 17. Nh2 Kh8 18. Ndf3 Nf7 19. Ng4 Be7 20. Bf4 Bc8 21. Qc2
Qd8 22. Re2 Bd6 23. Nge5 Nfxe5 24. Nxe5 Nxe5 25. Bxe5 Rf5 26. Rae1 Ref8 27. f4
Bxe5 28. Rxe5 g5 29. Rxf5 Rxf5 30. fxg5 Qxg5 31. g4 Rf4 32. d4 Bd7 33. b3 cxd4
34. cxd4 Rxd4 35. Qc7 Rd2 36. Rf1 Qg7 37. Qd8+ 1-0

[Event "Benidorm 2013 - Torneo sub2300"]
[Site "Benidorm ESP"]
[Date "2013.11.29"]
[Round "1.7"]
[White "Planells Roig, Jose"]
[Black "Lloret Ramis, Juan Jose"]
[Result "1/2-1/2"]
[WhiteElo "2086"]
[BlackElo "2281"]
[PlyCount "35"]
[EventDate "2013.11.29"]
[EventType "swiss"]
[EventRounds "10"]
[EventCountry "ESP"]
[Source "lmi"]
[SourceDate "2013.11.29"]

1. e4 e6 2. d4 d5 3. Nc3 Nf6 4. e5 Ne4 5. Nxe4 dxe4 6. Be3 c5 7. Bb5+ Bd7 8.
Bxd7+ Nxd7 9. d5 Nxe5 10. dxe6 Qxd1+ 11. Rxd1 fxe6 12. Ne2 Be7 13. Ng3 O-O 14.
O-O Rad8 15. Nxe4 b6 16. Ng5 Bxg5 17. Bxg5 Rd5 18. Rxd5 1/2-1/2

[Event "Benidorm 2013 - Torneo sub2300"]
[Site "Benidorm ESP"]
[Date "2013.11.29"]
[Round "1.8"]
[White "Montoliu Cervero, Francisco"]
[Black "Tejero Royo, Fermin"]
[Result "1-0"]
[WhiteElo "2280"]
[BlackElo "2085"]
[PlyCount "68"]
[EventDate "2013.11.29"]
[EventType "swiss"]
[EventRounds "10"]
[EventCountry "ESP"]
[Source "lmi"]
[SourceDate "2013.11.29"]

1. e4 e5 2. Nf3 Nc6 3. Bb5 a6 4. Ba4 d6 5. O-O Bd7 6. c3 g6 7. d4 Bg7 8. Be3
Nf6 9. dxe5 Nxe5 10. Bc2 Bg4 11. Nbd2 O-O 12. h3 Nxf3+ 13. Nxf3 Bxf3 14. Qxf3
Nd7 15. Rad1 b5 16. Bd4 Qe7 17. Rfe1 Ne5 18. Qe2 Rae8 19. f4 Nc4 20. b3 Bxd4+
21. cxd4 Nb6 22. Qf2 d5 23. e5 f5 24. Bd3 Qd7 25. Rc1 Re6 26. Rc5 c6 27. Kh2
Qb7 28. g4 Kh8 29. Rg1 Qd7 30. Qg3 Qf7 31. gxf5 gxf5 32. Bxf5 Re7 33. Rxc6 Qxf5
34. Rf6 Qc2+ 1-0

[Event "Benidorm 2013 - Torneo sub2300"]
[Site "Benidorm ESP"]
[Date "2013.11.29"]
[Round "1.10"]
[White "Nava Pereda, Carlos"]
[Black "Nicolas Zapata, Javier"]
[Result "0-1"]
[WhiteElo "2273"]
[BlackElo "2084"]
[PlyCount "94"]
[EventDate "2013.11.29"]
[EventType "swiss"]
[EventRounds "10"]
[EventCountry "ESP"]
[Source "lmi"]
[SourceDate "2013.11.29"]

1. c4 Nf6 2. Nc3 e6 3. e4 e5 4. Nf3 Nc6 5. Be2 d6 6. d4 exd4 7. Nxd4 Be7 8. O-O
O-O 9. Be3 Re8 10. f3 Bf8 11. Qd2 Nxd4 12. Bxd4 c6 13. Bd3 g6 14. Rae1 Bg7 15.
Bc2 a6 16. a4 Qa5 17. Nb1 Qxd2 18. Nxd2 Be6 19. Rd1 Rac8 20. a5 d5 21. cxd5
cxd5 22. Ba4 Re7 23. e5 Nd7 24. Rfe1 Bf5 25. g4 Bd3 26. f4 Nc5 27. Bxc5 Rxc5
28. Nb3 Rc4 29. Rxd3 Rxa4 30. Rd4 Rxd4 31. Nxd4 Rc7 32. Kf2 Bf8 33. Ke3 Bb4 34.
Ra1 Rc5 35. Ra4 Be1 36. Ra1 Bb4 37. Ra4 Be1 38. Nf3 Bxa5 39. Kd3 Bc7 40. Rb4 b5
41. Nd4 Rc4 42. Rxc4 bxc4+ 43. Kc3 g5 44. Nc6 gxf4 45. Kd4 Kf8 46. Kxd5 f3 47.
b4 Kg8 0-1

[Event "Benidorm 2013 - Torneo sub2300"]
[Site "Benidorm ESP"]
[Date "2013.11.29"]
[Round "1.11"]
[White "Mataix Arbona, Cesar"]
[Black "Fidalgo Fernandez, Javier"]
[Result "1/2-1/2"]
[WhiteElo "2082"]
[BlackElo "2264"]
[PlyCount "98"]
[EventDate "2013.11.29"]
[EventType "swiss"]
[EventRounds "10"]
[EventCountry "ESP"]
[Source "lmi"]
[SourceDate "2013.11.29"]

1. d4 Nf6 2. Bg5 Ne4 3. Bf4 e6 4. Nd2 d5 5. Ngf3 Bd6 6. Bxd6 cxd6 7. c3 O-O 8.
e3 f5 9. Be2 Nd7 10. O-O Ndf6 11. Rc1 Bd7 12. c4 Qe7 13. Qb3 Bc6 14. cxd5 Bxd5
15. Bc4 Nxd2 16. Nxd2 Rac8 17. Rc2 Rc7 18. Rfc1 Rfc8 19. Bxd5 Nxd5 20. Rxc7
Rxc7 21. Rxc7 Qxc7 22. Qc4 Qd7 23. e4 Ne7 24. exf5 Nxf5 25. d5 e5 26. Qg4 Qc8
27. Qc4 Qd7 28. Qg4 Qf7 29. Ne4 h6 30. h3 a6 31. Nc3 b5 32. Qb4 Qc7 33. a4 Nd4
34. axb5 axb5 35. Kh2 Qf7 36. Kg1 Qc7 37. Kh2 Qc5 38. Qa5 b4 39. Qxc5 dxc5 40.
Ne4 c4 41. Kg1 Ne2+ 42. Kf1 Nf4 43. Nd2 c3 44. bxc3 bxc3 45. Nb3 Nxd5 46. Ke2
Kf7 47. g3 Nb4 48. Nc5 Kf6 49. Ne4+ Ke7 1/2-1/2

[Event "Benidorm 2013 - Torneo sub2300"]
[Site "Benidorm ESP"]
[Date "2013.11.29"]
[Round "1.12"]
[White "Ballesteros Gonzalez, David"]
[Black "Romero Calduch, Sergio"]
[Result "1-0"]
[WhiteElo "2262"]
[BlackElo "2082"]
[PlyCount "105"]
[EventDate "2013.11.29"]
[EventType "swiss"]
[EventRounds "10"]
[EventCountry "ESP"]
[Source "lmi"]
[SourceDate "2013.11.29"]

1. d4 Nf6 2. c4 e6 3. Nf3 d5 4. c5 b6 5. cxb6 axb6 6. Nc3 Ba6 7. Bg5 Nbd7 8. g3
Bd6 9. Bg2 h6 10. Bd2 O-O 11. O-O c5 12. Re1 b5 13. a3 b4 14. axb4 cxb4 15. Na4
Bb5 16. Ne5 Nxe5 17. dxe5 Bxe5 18. Bxb4 Re8 19. Nc3 Bc4 20. Qd2 Qb6 21. Ba3 Ng4
22. Nd1 Bb3 23. e3 Rad8 24. h3 Nf6 25. Bb4 Ne4 26. Ba5 Nxd2 27. Bxb6 Ra8 28.
Nc3 Nc4 29. Bd4 Bxd4 30. exd4 Nd2 31. f4 Rxa1 32. Rxa1 Rb8 33. Kf2 Nc4 34. f5
Nxb2 35. fxe6 fxe6 36. Ra6 Nd3+ 37. Ke3 Ne1 38. Rxe6 Nxg2+ 39. Kf2 Rb4 40. Kxg2
Rxd4 41. Nb5 Rd3 42. Re7 Rd2+ 43. Kf3 Rd1 44. Nd6 Rf1+ 45. Ke2 Rf6 46. Re8+ Kh7
47. Rd8 Ba2 48. g4 Bb1 49. Rd7 Kg8 50. Ke3 Re6+ 51. Kd4 Be4 52. h4 Re8 53. Nxe8
1-0

[Event "Benidorm 2013 - Torneo sub2300"]
[Site "Benidorm ESP"]
[Date "2013.11.29"]
[Round "1.14"]
[White "Cantero, Antonio"]
[Black "Do Santos Julio, Joao Manuel"]
[Result "1-0"]
[WhiteElo "2262"]
[BlackElo "2081"]
[PlyCount "67"]
[EventDate "2013.11.29"]
[EventType "swiss"]
[EventRounds "10"]
[EventCountry "ESP"]
[Source "lmi"]
[SourceDate "2013.11.29"]

1. e4 c5 2. Nf3 e6 3. d4 cxd4 4. Nxd4 Nf6 5. Bd3 Nc6 6. Nxc6 dxc6 7. Qe2 e5 8.
Nd2 b5 9. a4 Qa5 10. O-O Bg4 11. f3 Qb6+ 12. Kh1 Bd7 13. Nb3 Qb8 14. Be3 a6 15.
Nc5 Bc8 16. b4 Be7 17. c4 bxa4 18. Rxa4 O-O 19. Rfa1 h6 20. b5 cxb5 21. cxb5 a5
22. b6 Rd8 23. Rb1 Bb7 24. Bb5 Rc8 25. Na6 Bxa6 26. Bxa6 Rc3 27. Rxa5 Qd8 28.
Rd1 Qf8 29. b7 Rb8 30. Ba7 Rb3 31. Bxb8 Qxb8 32. Qc4 Bd8 33. Rxd8+ Qxd8 34.
Qxb3 1-0

[Event "Benidorm 2013 - Torneo sub2300"]
[Site "Benidorm ESP"]
[Date "2013.11.29"]
[Round "1.16"]
[White "Parligras, Cosmin"]
[Black "Fernandez Rubio, Rafael"]
[Result "1-0"]
[WhiteElo "2257"]
[BlackElo "2072"]
[PlyCount "43"]
[EventDate "2013.11.29"]
[EventType "swiss"]
[EventRounds "10"]
[EventCountry "ESP"]
[Source "lmi"]
[SourceDate "2013.11.29"]

1. e4 d6 2. d4 Nf6 3. Nc3 Nbd7 4. Nf3 e5 5. Bc4 Be7 6. O-O O-O 7. a4 c6 8. a5
h6 9. Qe2 Re8 10. Be3 Qc7 11. Rfd1 Nf8 12. d5 Bg4 13. h3 Bh5 14. Rd2 Bg6 15.
Qd3 Nxe4 16. Nxe4 f5 17. dxc6+ Kh7 18. Qd5 Ne6 19. cxb7 Rab8 20. Nc3 Rxb7 21.
Qxe6 f4 22. Nb5 1-0

[Event "Benidorm 2013 - Torneo sub2300"]
[Site "Benidorm ESP"]
[Date "2013.11.29"]
[Round "1.20"]
[White "Nicolas Zapata, Irene"]
[Black "Nieves Cabanes, Jose Manuel"]
[Result "1-0"]
[WhiteElo "2241"]
[BlackElo "2068"]
[PlyCount "63"]
[EventDate "2013.11.29"]
[EventType "swiss"]
[EventRounds "10"]
[EventCountry "ESP"]
[Source "lmi"]
[SourceDate "2013.11.29"]

1. d4 Nf6 2. Nf3 e6 3. e3 b6 4. Bd3 Bb7 5. O-O c5 6. c4 Be7 7. Nc3 O-O 8. d5
exd5 9. cxd5 d6 10. e4 Nbd7 11. Nd2 a6 12. a4 Re8 13. Nc4 Bf8 14. Bf4 Ne5 15.
Nxe5 dxe5 16. Be3 Qd7 17. h3 Bd6 18. Qe2 Bc8 19. f4 exf4 20. Bxf4 Bxf4 21. Rxf4
Bb7 22. Qf2 Nh5 23. Rf3 g5 24. Rf1 f6 25. a5 c4 26. Bxc4 bxa5 27. d6+ Kg7 28.
Rxf6 Kh8 29. Rf7 Qxd6 30. Rxb7 Rf8 31. e5 Qh6 32. Qb6 1-0

[Event "Benidorm 2013 - Torneo sub2300"]
[Site "Benidorm ESP"]
[Date "2013.11.29"]
[Round "1.21"]
[White "Ramos Ferrandiz, Juan Carlos"]
[Black "Garcia Trobat, Francisco"]
[Result "1/2-1/2"]
[WhiteElo "2068"]
[BlackElo "2241"]
[PlyCount "97"]
[EventDate "2013.11.29"]
[EventType "swiss"]
[EventRounds "10"]
[EventCountry "ESP"]
[Source "lmi"]
[SourceDate "2013.11.29"]

1. d4 Nf6 2. c4 e6 3. Nf3 Bb4+ 4. Bd2 c5 5. e3 Bxd2+ 6. Nbxd2 b6 7. Be2 Bb7 8.
O-O O-O 9. Rc1 Nc6 10. a3 Rc8 11. Qa4 Qe7 12. Rfd1 Rfd8 13. Nf1 d5 14. dxc5
bxc5 15. cxd5 exd5 16. Ng3 g6 17. Qh4 Kg7 18. Qg5 Kf8 19. h4 d4 20. Qxc5 Qxc5
21. Rxc5 dxe3 22. fxe3 Ng4 23. Nf1 Rxd1 24. Bxd1 Rd8 25. Nd4 Nxe3 26. Bf3 Nxd4
27. Bxb7 Nef5 28. g3 Nd6 29. Ba6 Ne6 30. Rd5 Ke7 31. Kg2 Rd7 32. Ne3 Nc7 33.
Ra5 Nxa6 34. Rxa6 Ne4 35. b4 f5 36. Nf1 Kd8 37. b5 Nc5 38. Rc6 Rd5 39. Ne3 Rd2+
40. Kg1 Ne4 41. Nf1 Rd1 42. Kg2 Rb1 43. Ra6 Rxb5 44. Rxa7 Rb2+ 45. Kg1 Nf6 46.
a4 Nd7 47. a5 h6 48. Ne3 Rb3 49. Kf2 1/2-1/2

[Event "Benidorm 2013 - Torneo sub2300"]
[Site "Benidorm ESP"]
[Date "2013.11.29"]
[Round "1.22"]
[White "Martinez Reyes, Pedro Ramon"]
[Black "Svensson, Hakan"]
[Result "1-0"]
[WhiteElo "2235"]
[BlackElo "2066"]
[PlyCount "59"]
[EventDate "2013.11.29"]
[EventType "swiss"]
[EventRounds "10"]
[EventCountry "ESP"]
[Source "lmi"]
[SourceDate "2013.11.29"]

1. e4 e6 2. d4 d5 3. Nd2 c5 4. exd5 Qxd5 5. dxc5 Qxc5 6. Ngf3 Nf6 7. Bd3 Be7 8.
O-O Nbd7 9. Qe2 O-O 10. Ne4 Nxe4 11. Qxe4 Nf6 12. Qh4 Qh5 13. Qxh5 Nxh5 14. Re1
Nf6 15. Bg5 h6 16. Bh4 g5 17. Bg3 Nd5 18. a3 Bd7 19. Ne5 Be8 20. Rad1 h5 21. f3
Bc5+ 22. Bf2 Rc8 23. c4 Bxf2+ 24. Kxf2 Nf4 25. Bf1 Ba4 26. b3 Bc6 27. Rd4 Rfd8
28. Red1 Rxd4 29. Rxd4 b6 30. h4 1-0

[Event "Benidorm 2013 - Torneo sub2300"]
[Site "Benidorm ESP"]
[Date "2013.11.29"]
[Round "1.23"]
[White "Plass, Mariana-Camelia"]
[Black "Buenafe Moya, Javier"]
[Result "1/2-1/2"]
[WhiteElo "2065"]
[BlackElo "2227"]
[PlyCount "86"]
[EventDate "2013.11.29"]
[EventType "swiss"]
[EventRounds "10"]
[EventCountry "ESP"]
[Source "lmi"]
[SourceDate "2013.11.29"]

1. d4 Nf6 2. c4 e6 3. g3 d5 4. Bg2 Be7 5. Nf3 O-O 6. Qc2 dxc4 7. Qxc4 a6 8. a4
b5 9. Qd3 Bb7 10. axb5 axb5 11. Rxa8 Bxa8 12. Qxb5 Bxf3 13. Bxf3 Qxd4 14. O-O
Nbd7 15. Nc3 Rb8 16. Qa6 Bc5 17. Na4 Bd6 18. Be3 Qb4 19. Rc1 h6 20. Bc6 Ne5 21.
Bf4 Nxc6 22. Bxd6 cxd6 23. Qxc6 d5 24. Nc3 Kh7 25. Rc2 Rb6 26. Qa4 d4 27. Qxb4
Rxb4 28. Nb1 e5 29. Na3 Kg6 30. Nc4 Kf5 31. f3 Ke6 32. Kf2 g5 33. h3 e4 34.
fxe4 Nxe4+ 35. Kg2 Kd5 36. Nd2 f5 37. Nf3 h5 38. Ne1 Nd6 39. Nd3 Rb5 40. h4 Nc4
41. Kf3 gxh4 42. Nf4+ Kc5 43. Nd3+ Kd5 1/2-1/2

[Event "Benidorm 2013 - Torneo sub2300"]
[Site "Benidorm ESP"]
[Date "2013.11.29"]
[Round "1.25"]
[White "Lillo Ferrer, Jose Maria M"]
[Black "Simon Padros, Emili"]
[Result "1/2-1/2"]
[WhiteElo "2062"]
[BlackElo "2214"]
[PlyCount "50"]
[EventDate "2013.11.29"]
[EventType "swiss"]
[EventRounds "10"]
[EventCountry "ESP"]
[Source "lmi"]
[SourceDate "2013.11.29"]

1. e4 e6 2. d3 c5 3. g3 Nc6 4. Bg2 g6 5. f4 Bg7 6. Nf3 d6 7. O-O Nge7 8. c3 O-O
9. Be3 b6 10. Na3 d5 11. e5 Ba6 12. Bf2 Qd7 13. Re1 h5 14. h3 Rfe8 15. Nc2 Rac8
16. d4 cxd4 17. cxd4 Na5 18. b3 Rc3 19. Nb4 Bb7 20. Qd2 Rec8 21. Rec1 Rxc1+ 22.
Rxc1 Bf8 23. Bf1 Nec6 24. Nc2 Nb8 25. Nfe1 Qc7 1/2-1/2

[Event "Benidorm 2013 - Torneo sub2300"]
[Site "Benidorm ESP"]
[Date "2013.11.29"]
[Round "1.27"]
[White "Garcia Gata, Jorge D"]
[Black "Remolar Gallen, Jose"]
[Result "1/2-1/2"]
[WhiteElo "2061"]
[BlackElo "2213"]
[PlyCount "57"]
[EventDate "2013.11.29"]
[EventType "swiss"]
[EventRounds "10"]
[EventCountry "ESP"]
[Source "lmi"]
[SourceDate "2013.11.29"]

1. d4 d5 2. c4 e6 3. Nc3 c5 4. e3 Nf6 5. Nf3 Bd6 6. a3 O-O 7. dxc5 Bxc5 8. b4
Be7 9. cxd5 exd5 10. Bb2 Be6 11. Bd3 Nbd7 12. O-O a5 13. Ng5 axb4 14. axb4 Rxa1
15. Bxa1 h6 16. Nxe6 fxe6 17. Ne2 Bxb4 18. Nf4 Re8 19. Nh5 Bd6 20. Nxg7 Kxg7
21. Qg4+ Kf8 22. Qg6 Qe7 23. Bb5 e5 24. f4 exf4 25. Bxd7 Nxd7 26. Qxh6+ Kf7 27.
Qg7+ Ke6 28. Qg4+ Kf7 29. Qg7+ 1/2-1/2

[Event "Benidorm 2013 - Torneo sub2300"]
[Site "Benidorm ESP"]
[Date "2013.11.29"]
[Round "1.29"]
[White "Castellanos Bogalo, Antonio"]
[Black "Hristodorescu, Daniel"]
[Result "0-1"]
[WhiteElo "2056"]
[BlackElo "2207"]
[PlyCount "62"]
[EventDate "2013.11.29"]
[EventType "swiss"]
[EventRounds "10"]
[EventCountry "ESP"]
[Source "lmi"]
[SourceDate "2013.11.29"]

1. e4 c6 2. d4 d5 3. f3 Qb6 4. Nc3 e6 5. g3 Nf6 6. Qd3 dxe4 7. Nxe4 Nbd7 8. Ne2
Nxe4 9. fxe4 e5 10. c3 exd4 11. cxd4 c5 12. Nc3 cxd4 13. Nd5 Ne5 14. Qc2 Qa5+
15. Kf2 Bd6 16. Bd2 Qd8 17. Qa4+ Nc6 18. Bg2 O-O 19. Rhf1 Bg4 20. Bf4 d3 21.
Bf3 Bxf3 22. Kxf3 Bxf4 23. Nxf4 b5 24. Qd1 Ne5+ 25. Kg2 Qd4 26. Qe1 Rac8 27.
Rf2 Ng4 28. Rd2 Ne3+ 29. Kf3 Nc2 30. Qg1 Qxb2 31. Rb1 Nd4+ 0-1

[Event "Benidorm 2013 - Torneo sub2300"]
[Site "Benidorm ESP"]
[Date "2013.11.29"]
[Round "1.31"]
[White "Landa Monux, Josu"]
[Black "Bosque Ortega, Xavier"]
[Result "0-1"]
[WhiteElo "2056"]
[BlackElo "2197"]
[PlyCount "88"]
[EventDate "2013.11.29"]
[EventType "swiss"]
[EventRounds "10"]
[EventCountry "ESP"]
[Source "lmi"]
[SourceDate "2013.11.29"]

1. d4 d5 2. c4 c6 3. Nf3 Nf6 4. Nc3 Bf5 5. e3 e6 6. Be2 Nbd7 7. Nh4 Bg6 8. cxd5
exd5 9. g3 Bd6 10. Nxg6 hxg6 11. Bf3 Qe7 12. Qd3 Qe6 13. Bd2 Bb4 14. Nd1 Bd6
15. Nc3 Qf5 16. e4 dxe4 17. Nxe4 Nxe4 18. Qxe4+ Qxe4+ 19. Bxe4 Nf6 20. Bf3
O-O-O 21. O-O Bc5 22. dxc5 Rxd2 23. b4 Rhd8 24. a4 R8d3 25. Kg2 Nd5 26. Bxd5
Rxd5 27. Rfe1 Rf5 28. Re8+ Kd7 29. Rae1 Rdxf2+ 30. Kg1 Rf1+ 31. Kg2 Rxe1 32.
Rxe1 a5 33. Rb1 Kc7 34. g4 Rg5 35. Kf3 axb4 36. Rxb4 Rxc5 37. Re4 Kd7 38. Rb4
b5 39. Rd4+ Ke7 40. a5 Rc3+ 41. Kf4 Ra3 42. Re4+ Kd6 43. Rd4+ Kc7 44. Rd2 Rxa5
0-1

[Event "Benidorm 2013 - Torneo sub2300"]
[Site "Benidorm ESP"]
[Date "2013.11.29"]
[Round "1.34"]
[White "Grigoriev, Ivan"]
[Black "Fernandez Martinez, Jorge"]
[Result "1/2-1/2"]
[WhiteElo "2192"]
[BlackElo "2049"]
[PlyCount "112"]
[EventDate "2013.11.29"]
[EventType "swiss"]
[EventRounds "10"]
[EventCountry "ESP"]
[Source "lmi"]
[SourceDate "2013.11.29"]

1. c4 Nf6 2. g3 e6 3. Bg2 d5 4. Nf3 Nbd7 5. O-O Bd6 6. d4 c6 7. Nc3 O-O 8. Qd3
dxc4 9. Qxc4 e5 10. Rd1 Qe7 11. e4 Nb6 12. Qe2 Bg4 13. h3 Bxf3 14. Bxf3 exd4
15. Rxd4 Be5 16. Rd1 Rad8 17. Be3 Qb4 18. Rxd8 Rxd8 19. Rd1 Rxd1+ 20. Qxd1 h6
21. Qb3 Qxb3 22. axb3 Kf8 23. Kf1 Ke7 24. Ke2 Nfd7 25. Kd3 Bd6 26. Be2 Bc5 27.
f4 Bxe3 28. Kxe3 Nc5 29. b4 Nca4 30. Nd1 Nd7 31. b3 Nab6 32. Kd4 Nf8 33. Ne3 g6
34. f5 Nbd7 35. b5 Nb8 36. h4 Nfd7 37. h5 Kf6 38. Ng4+ Kg5 39. hxg6 fxg6 40.
fxg6 Kxg6 41. Ne5+ Kf6 42. Nxd7+ Nxd7 43. bxc6 bxc6 44. Bh5 Ke7 45. Bg4 Nf6 46.
Bf3 Kd7 47. e5 Nh7 48. Kc5 Ke6 49. Kxc6 Kxe5 50. Kb7 Ng5 51. Bg2 Ne6 52. Kxa7
Kd4 53. Kb6 Kc3 54. Bd5 Nd4 55. Kc5 Nxb3+ 56. Bxb3 Kxb3 1/2-1/2

[Event "Benidorm 2013 - Torneo sub2300"]
[Site "Benidorm ESP"]
[Date "2013.11.29"]
[Round "1.35"]
[White "Lopez Colon, Francisco"]
[Black "Saenz Narciso, Miguel Angel"]
[Result "0-1"]
[WhiteElo "2043"]
[BlackElo "2191"]
[PlyCount "80"]
[EventDate "2013.11.29"]
[EventType "swiss"]
[EventRounds "10"]
[EventCountry "ESP"]
[Source "lmi"]
[SourceDate "2013.11.29"]

1. d4 Nf6 2. c4 c5 3. d5 b5 4. cxb5 a6 5. bxa6 g6 6. Nc3 Bxa6 7. g3 d6 8. Bg2
Bg7 9. Nf3 Nbd7 10. O-O Nb6 11. a4 Nfd7 12. Re1 O-O 13. Qc2 Nc4 14. Nd2 Nde5
15. b3 Na5 16. Rb1 Rb8 17. h3 Qb6 18. Kf1 Rfc8 19. Ba3 Qa7 20. Rec1 Rc7 21. Nd1
Rcb7 22. Ne3 Rb6 23. f4 Nd7 24. Be4 Bd4 25. Nec4 Bxc4 26. bxc4 Qa6 27. Rb5 Be3
28. Qc3 Bxd2 29. Qxd2 Nb3 30. Qc2 Nxc1 31. Bxc1 Ra8 32. Qb3 Qxa4 33. Rxb6 Nxb6
34. Qxb6 Qd1+ 35. Kf2 Qxc1 36. Qb7 Ra1 37. Qxe7 Qg1+ 38. Kf3 Qd4 39. Kg4 Rg1
40. f5 Kg7 0-1

[Event "Benidorm 2013 - Torneo sub2300"]
[Site "Benidorm ESP"]
[Date "2013.11.29"]
[Round "1.39"]
[White "Martin Martin, Luis Vicente"]
[Black "Montalban Galvez, Antoni"]
[Result "1/2-1/2"]
[WhiteElo "2031"]
[BlackElo "2183"]
[PlyCount "69"]
[EventDate "2013.11.29"]
[EventType "swiss"]
[EventRounds "10"]
[EventCountry "ESP"]
[Source "lmi"]
[SourceDate "2013.11.29"]

1. d4 g6 2. Bf4 Bg7 3. e3 d6 4. Nf3 Nd7 5. Be2 Ngf6 6. h3 Nf8 7. O-O Ne6 8. Bg3
c5 9. c3 O-O 10. Nbd2 Bd7 11. a4 Bc6 12. b4 cxb4 13. cxb4 Rc8 14. Qb1 h6 15.
Rc1 Ng5 16. Nxg5 hxg5 17. Bc4 Bd7 18. Bd3 Rxc1+ 19. Qxc1 Qc8 20. Qb2 Qb8 21. b5
Rc8 22. Rc1 g4 23. hxg4 Bxg4 24. Rxc8+ Qxc8 25. Qc2 Qxc2 26. Bxc2 Be6 27. Bh4
Kf8 28. Bg5 Ke8 29. e4 Ba2 30. f3 Nd7 31. Be3 Kd8 32. Kf1 Kc7 33. Ke2 Kb6 34.
Bb3 Bxb3 35. Nxb3 1/2-1/2

[Event "Benidorm 2013 - Torneo sub2300"]
[Site "Benidorm ESP"]
[Date "2013.11.29"]
[Round "1.43"]
[White "Perdomo Araujo, Angel Eduardo"]
[Black "Arias Igual, Alejandro"]
[Result "0-1"]
[WhiteElo "2017"]
[BlackElo "2178"]
[PlyCount "74"]
[EventDate "2013.11.29"]
[EventType "swiss"]
[EventRounds "10"]
[EventCountry "ESP"]
[Source "lmi"]
[SourceDate "2013.11.29"]

1. e4 c5 2. Nf3 Nc6 3. Bb5 g6 4. O-O Bg7 5. Re1 e5 6. d3 Nge7 7. Nc3 O-O 8. Bg5
h6 9. Bh4 d6 10. h3 Be6 11. Bxe7 Nxe7 12. Ne2 d5 13. exd5 Nxd5 14. Bc4 Qc7 15.
Ng3 Rfe8 16. c3 Rad8 17. Qc2 f5 18. Rad1 Kh7 19. a4 b6 20. Qb3 Nf4 21. Bxe6
Nxe6 22. Ne2 Qc6 23. Qc4 Qd5 24. Qh4 Qb3 25. Rd2 e4 26. Nc1 Qxa4 27. b3 Qc6 28.
dxe4 Rxd2 29. Nxd2 Ng5 30. e5 Qd5 31. Nc4 b5 32. Na3 Rxe5 33. f4 Rxe1+ 34. Qxe1
Ne4 35. Nxb5 Nxc3 36. Nxc3 Qd4+ 37. Kf1 Qxf4+ 0-1

[Event "Benidorm 2013 - Torneo sub2300"]
[Site "Benidorm ESP"]
[Date "2013.11.29"]
[Round "1.51"]
[White "Jimenez Almeida, Luis David"]
[Black "Bilquez, Romain"]
[Result "1-0"]
[WhiteElo "1985"]
[BlackElo "2152"]
[PlyCount "71"]
[EventDate "2013.11.29"]
[EventType "swiss"]
[EventRounds "10"]
[EventCountry "ESP"]
[Source "lmi"]
[SourceDate "2013.11.29"]

1. d4 d5 2. Nf3 Nf6 3. c4 c6 4. e3 e6 5. b3 Bd6 6. Bb2 O-O 7. Bd3 Nbd7 8. O-O
Qe7 9. Ne5 Bc7 10. Nd2 Nxe5 11. dxe5 Nd7 12. f4 f6 13. Qh5 g6 14. Qh4 Bd8 15.
exf6 Nxf6 16. Nf3 dxc4 17. Bxc4 Nd5 18. Ng5 Nxe3 19. Ba3 Qc7 20. Bxf8 Nxf1 21.
Rxf1 Kxf8 22. Nxh7+ Kg8 23. Ng5 b5 24. Bd3 Qg7 25. Be4 Bb7 26. Rd1 Bb6+ 27. Kh1
Rd8 28. Re1 Rd6 29. Qg4 Bd8 30. Nf3 Bf6 31. Ne5 g5 32. Nd3 Bc3 33. Rf1 gxf4 34.
Qxf4 e5 35. Qf5 Qd7 36. Qf8# 1-0

[Event "Benidorm 2013 - Torneo sub2300"]
[Site "Benidorm ESP"]
[Date "2013.11.29"]
[Round "1.56"]
[White "Sesma Rubio, Patxi"]
[Black "De Lucas Bello, Federico"]
[Result "1-0"]
[WhiteElo "2146"]
[BlackElo "1946"]
[PlyCount "63"]
[EventDate "2013.11.29"]
[EventType "swiss"]
[EventRounds "10"]
[EventCountry "ESP"]
[Source "lmi"]
[SourceDate "2013.11.29"]

1. c4 Nf6 2. g3 g6 3. Bg2 Bg7 4. Nc3 O-O 5. d3 d6 6. e4 Nc6 7. Nge2 a6 8. O-O
Rb8 9. a4 e5 10. h3 h6 11. Be3 Kh7 12. Qd2 Na5 13. Rab1 c5 14. b4 cxb4 15. Rxb4
Nd7 16. Nd5 Nc5 17. Rfb1 Nc6 18. Bxc5 dxc5 19. Rb6 Ra8 20. Qe3 Nd4 21. Nxd4
cxd4 22. Qd2 Re8 23. Qb4 Bf8 24. c5 Kg7 25. f4 Be6 26. fxe5 Rc8 27. Rd6 Bxd6
28. exd6 Rb8 29. Qxd4+ f6 30. Nc7 Qd7 31. Nxe8+ Qxe8 32. e5 1-0